Jintulu wayuu : (Registro nro. 11881)

000 -CABECERA
campo de control de longitud fija 00982nam a2200277 a 4500
001 - NÚMERO DE CONTROL
campo de control 000087299
005 - FECHA Y HORA DE LA ÚLTIMA TRANSACCIÓN
campo de control 20200120224943.0
008 - DATOS DE LONGITUD FIJA--INFORMACIÓN GENERAL
campo de control de longitud fija 190816s2017 ck a dr| |0| | spa d
020 ## - NÚMERO INTERNACIONAL ESTÁNDAR DEL LIBRO
Número Internacional Estándar del Libro 9789587850307
041 ## - CÓDIGO DE LENGUA
Código de lengua del texto/banda sonora o título independiente wayuunaiki
Código de lengua original spa
043 ## - CÓDIGO DE ÁREA GEOGRÁFICA
Código de área geográfica s-ck---
090 ## - LOCALMENTE ASIGNADO TIPO-LC NÚMERO DE CLASIFICACIÓN (OCLC); NÚMERO DE CLASIFICACIÓN LOCAL (RLIN)
Número de clasificación (OCLC) (R) ; Numero de clasificación, CALL (RLIN) (NR) C
Número cutter local (OCLC) ; Número de libro/Signatura topográfica íntegra, CALL (RLIN) PELW
100 ## - ENTRADA PRINCIPAL--NOMBRE DE PERSONA
Nombre de persona Peláez Wouliyuu, Aminta
245 10 - MENCIÓN DE TÍTULO
Título Jintulu wayuu :
Resto del título Guajirita /
Mención de responsabilidad, etc. Aminta Peláez Wouliyuu.
246 2# - FORMA VARIANTE DE TÍTULO
Título propio/Titulo breve Guajirita
250 ## - MENCIÓN DE EDICIÓN
Mención de edición 2a. ed.
260 ## - PUBLICACIÓN, DISTRIBUCIÓN, ETC.
Lugar de publicación, distribución, etc. Bogotá :
Nombre del editor, distribuidor, etc. Mineducación :
-- Mincultura,.
300 ## - DESCRIPCIÓN FÍSICA
Extensión [70] páginas. :
Otras características físicas ilusraciones en color.
490 #0 - MENCIÓN DE SERIE
Mención de serie Río de letras. Territorios narrados PNLE "Leer es mi cuento" ;
Designación de volumen o secuencia 4
490 0# - MENCIÓN DE SERIE
Mención de serie Leer es mi cuento. Plan Nacional de Lectura y Escritura
546 ## - NOTA DE LENGUA/LENGUAJE
Nota de lengua/lenguaje Texto en wayuunaiki (lengua indígena) y español
650 14 - PUNTO DE ACCESO ADICIONAL DE MATERIA--TÉRMINO DE MATERIA
Término de materia o nombre geográfico como elemento de entrada Literatura indígena colombiana
650 24 - PUNTO DE ACCESO ADICIONAL DE MATERIA--TÉRMINO DE MATERIA
Término de materia o nombre geográfico como elemento de entrada Cuentos indígenas colombianos
-- Siglo XXI
650 24 - PUNTO DE ACCESO ADICIONAL DE MATERIA--TÉRMINO DE MATERIA
Término de materia o nombre geográfico como elemento de entrada Wayuu
Subdivisión general Vida social y costumbres
Subdivisión de forma Literatura juvenil
650 24 - PUNTO DE ACCESO ADICIONAL DE MATERIA--TÉRMINO DE MATERIA
Término de materia o nombre geográfico como elemento de entrada Animales en la literatura
Existencias
Estado de retiro Estado de pérdida Fuente del sistema de clasificación o colocación Estado dañado No para préstamo Código de colección Localización permanente Ubicación/localización actual Fecha de adquisición Número de inventario Total de préstamos Signatura topográfica completa Código de barras Fecha visto por última vez Fecha del último préstamo Número de copia Precio válido a partir de Tipo de ítem Koha Nota pública
          Literatura Infantil Biblioteca Pública San Juan Bosco Biblioteca Pública San Juan Bosco 20/01/2020 NT 2 C PELW MOS019801 02/09/2023 26/08/2023 ej.1 20/01/2020 Libro Literatura Quince días

© Todos los derechos reservados para la Biblioteca Pública Municipal San Juan Bosco, 2020
Secretaria de Cultura de Mosquera
Carrera 3 N° 10 Esquina Centro Cultural Barrio El Carmén Teléfono: 8270830 Ext: 34
Funcionando con KOHA
Contacto: Biblioteca Pública Municipal San Juan Bosco/ bibliotecasanjuanbosco@mosquera-cundinamarca.gov.co
Mosquera, Cundinamarca